[Event "KUW-ch First Stage"]
[Site "Kuwait"]
[Date "2017.12.14"]
[Round "5.8"]
[White "Alruwayeh, Talal"]
[Black "Karkari, Faisal"]
[Result "1/2-1/2"]
[WhiteElo "1542"]
[BlackElo "1266"]
[PlyCount "52"]
[EventDate "2017.12.09"]
[EventType "swiss"]
[EventRounds "9"]
[EventCountry "KUW"]
[SourceTitle "EXT 2024"]
[Source "ChessBase"]
[SourceDate "2023.10.10"]
[SourceVersion "1"]
[SourceVersionDate "2023.10.10"]
[SourceQuality "1"]

1. e4 e5 2. Nf3 Nc6 3. Bb5 d6 4. 0-0 Bg4 5. h3 Bd7 6. a3 Nf6 7. d3 Be7 8. c3 a6 9. Ba4 Nh5 10. Bb3 Nf4 11. Bxf4 exf4 12. Re1 Ne5 13. d4 Ng6 14. Nbd2 0-0 15. Qc2 Be6 16. d5 Bd7 17. e5 dxe5 18. Nxe5 Nxe5 19. Rxe5 Bd6 20. Re2 Qh4 21. Nf3 Qh5 22. Nh2 f3 23. Nxf3 Bxh3 24. gxh3 Qxf3 25. Re3 Qf4 26. Rg3 Qh6 1/2-1/2